Elementos de semántica lingüística
Salvato in:
| Autore principale: | |
|---|---|
| Natura: | Libro |
| Lingua: | spagnolo |
| Pubblicazione: |
Madrid
Cátedra
1979
|
| Edizione: | 2a. ed |
| Soggetti: | |
| Tags: |
Aggiungi Tag
Nessun Tag, puoi essere il primo ad aggiungerne!!
|
MARC
| LEADER | 00000nam a2200000 a 4500 | ||
|---|---|---|---|
| 001 | UCQ5476 | ||
| 003 | CL-VaPUC | ||
| 008 | 980925e19790000SP |||||||||||||||||spa|d | ||
| 082 | 0 | 4 | |a 401.43 |b TRU |2 21 |
| 100 | 0 | |a Trujillo, Ramón |e author |9 419579 | |
| 245 | 1 | 0 | |a Elementos de semántica lingüística |
| 250 | |a 2a. ed | ||
| 300 | |a 255 p | ||
| 942 | |c BK | ||
| 945 | |d 19980925 00:00:00 |a lriquelm | ||
| 260 | |a Madrid |b Cátedra |c 1979 | ||
| 650 | 0 | |a Semántica |9 265318 | |
| 650 | 0 | |a Sintaxis |9 318843 | |
| 650 | 7 | |a LINGUISTICA DESCRIPTIVA |2 CL-VaPUC |9 419580 | |
| 650 | 0 | |a Análisis lingüístico |9 314711 | |
| 650 | 0 | |a Lenguaje |9 265069 | |
| 650 | 0 | |a Lingüística |9 265068 | |
| 583 | |a last modification |c 19980925 00:00:00 |k Rodrigo Vera | ||
| 999 | |c 275686 |d 275684 | ||
| 952 | |0 0 |1 0 |4 0 |6 401_430000000000000_TRU_1979 |7 0 |8 A |9 312490 |a FDOPOS |b FDOPOS |d 2019-11-20 |i 1471562 |o 401.43 TRU 1979 |p 1471562 |r 2025-01-22 |w 2019-11-20 |y BK |k MLA | ||
| 952 | |0 0 |1 0 |4 0 |6 401_430000000000000_TRU_1979 |7 0 |8 A |9 312491 |a FDOPOS |b FDOPOS |d 2019-11-20 |i 1471619 |o 401.43 TRU 1979 |p 1471619 |r 2025-01-22 |w 2019-11-20 |y BK |k MLA | ||